MDQL
is popping MORE tags! Check the
thread
!
Quizzes
Events
Quiz Creation
Community
Videos
Private Events
Remove Ads
Sign In
Join for FREE
Feedback
Dark Mode
Quiz Categories
Sports
Geography
Music
Movies
Television
Just For Fun
Miscellaneous
History
Literature
Language
Science
Gaming
Entertainment
Religion
Holiday
For Kids
Quiz Lab
Recent
Popular Today
Quiz Kudos Today
Editor Picks
Curator Picks
Quizzes by...
Day
Popularity
Type
Ratings
Length
Year
Community
Subscriptions
Recent Discussions
Orange Saloon
Badges
Playlists
Quests
Create
Leaderboards
Showdown
Live 5
Trivia Bingo
Activity
Puzzle Library
Sporcle Events
Private Events
Virtual Trivia
Globe League
Become a Host
Pub Owners
SporcleCon
Opinionation
Our Games
Videos
Blog
Mobile Apps
Partnerships
Remove Ads and Go Orange
Feedback
Gaming
Video Games
Board Games
Card Games
Pokémon
Mario
Nintendo
Minecraft
Console
Toys
Legend of Zelda
Gaming
Video Games
Board Games
Card Games
Pokémon
Mario
Nintendo
Minecraft
Console
Toys
Legend of Zelda
Random Quiz
Search Sporcle
×
Quiz Lab
Quiz Lab
Gaming
Quote
Type in answers that appear in a list
Type in answers that appear in a list
Classic
Best Score? Go Orange.
Kingdom Hearts Quotes Stats
Can you name the Kingdom Hearts Quotes?
By
KairiandSora
15m
50 Questions
1,875 Plays
1,875 Plays
1,875 Plays
Comments
Comments
Give Quiz Kudos
Give Quiz Kudos
-
- Ratings
hide this ad
No Skip
Answers have to be entered in order without skipping
Answers have to be entered in order without skipping
Replay
Link that replays current quiz
Next Quiz
Link to next quiz in quiz playlist
You Got
0%
They Got
Avg Score
61%
Avg Friend Score
Upgrade to see
Score Distribution
Jump to the score distribution portion of the page
Score
0/50
Timer
15:00
0
Plays Today
Quote
Who Said This
% Correct
?
???
100%
?
???
96.9%
?
???
96%
?
???
87.9%
?
???
87.6%
?
???
85.7%
?
???
83.5%
?
???
83.4%
?
???
81.4%
?
???
81.4%
?
???
81%
?
???
81%
?
???
79%
?
???
73.7%
?
???
69.8%
?
???
69.5%
?
???
68.2%
?
???
67.3%
?
???
67%
?
???
66.5%
?
???
60.4%
?
???
58.7%
?
???
57.9%
?
???
57.9%
?
???
57.8%
Quote
Who Said This
% Correct
?
???
56.5%
?
???
56.2%
?
???
55.4%
?
???
51.7%
?
???
51.5%
?
???
51.1%
?
???
51.1%
?
???
49.2%
?
???
49.2%
?
???
48.4%
?
???
47.9%
?
???
46.1%
?
???
46.1%
?
???
45.8%
?
???
45.7%
?
???
45.5%
?
???
45.5%
?
???
45.4%
?
???
43.1%
?
???
42.7%
?
???
42.1%
?
???
41.7%
?
???
41.3%
?
???
41.2%
?
???
39.9%
Quiz Playlist
Details
Report
Send in Message
Add To Playlist
Classic:
Type in answers that appear in a list
No Skip:
Answers have to be entered in order without skipping
Last Updated: Dec 19, 2018
Quiz Scoreboard
CHALLENGE
Sign Up to Join the Scoreboard
Show All
Scores
Hide
Comments
May contain spoilers
Recently Published
5x2 Blitz: Bands
by SL_Kpop136
Music
30s
Colored Red Africa Blitz
by spor1
Geography
30s
Find the 'City' Movie
by crazypaving
Movies
60s
More to Explore
Quiz From the Vault
Featured Blog Post
14 Easter Pick-up Lines to Find Eggs With
hide this ad
You Might Also Like...
Tags
Quote Quiz
heart
Here
Kingdom
Kingdom Hearts
Today's Top Quizzes in Gaming
Browse Gaming
hide this ad
Today's Top Quizzes in Quote
Browse Quote
Top Contributed Quizzes in Gaming
1
Dead By Daylight Logic Puzzle
2
Destiny 2 exotic weapons by perk icons
3
League of Legends Pro Players by Career/Team History
4
Genshin Impact Logic Puzzle Quiz II
5
Windmill: Elements
6
Minecraft Typing Challenge
7
Pokémon Spelling Bee
8
Genshin murder mystery
9
Legendary or Exotic?
10
Overwatch 2: Ultimate Ability Icons
Explore More
Trending Topics
Disney
Anime
Harry Potter
Crossword
Kpop
Marvel
NBA
The Office
Puzzle
Song
Country
NFL
Pokémon
Soccer
WWE
hide this ad
More By:
KairiandSora
Quiz
Plays
Rating
Category
Featured
Created
Kingdom Hearts Quotes
1,875
3.29
Gaming
Apr 24, 2012
Taylor Swift Songs
272
2.80
Music
Jan 16, 2013
Go to Creator's Profile
Score Distribution
Quiz Creator Spotlight
KairiandSora
Follow
Send a Message
Quizzes Created
-
Created Quiz Play Count
-
More By This Creator
Popular Quizzes Today
1
Find the 'City' Movie
2
Colored Red Africa Blitz
3
Find the US States - No Outlines Minefield
4
5x2 Blitz: Bands
5
The Countries of the World
6
Find the US States
7
US States
8
9x9 Crossword: Cartoon Network
More Gaming Quizzes
Legend of Zelda Games by Picture
Curator's Pick
Trending Quizzes
Colored Red Europe Blitz I
Colored Red Africa Blitz II
Colored Red Europe Blitz II
Colored Red Europe Blitz III
Colored Red Africa Blitz III
Recently Updated
Famous TV Couples
Peacemaker
Champions League XIs: Real Madrid
pecheneg
Largest US Cities 1790-2010
pecheneg
Rides in Walt Disney World
pecheneg
Most Oscar Losses (Acting)
pecheneg
Beyoncé Albums
pecheneg
Leaping Animals
pecheneg
Reality TV Shows (A-Z)
bhenderson79
Rickey Henderson's Hall of Fame Teammates
pecheneg
Champions League XIs: Arsenal
pecheneg
Trending Topics
Crossword
Marvel
Harry Potter
Kpop
Disney
NBA
Anime
Pokémon
NFL
Soccer
Puzzle
The Office
Song
Country
WWE
Your Account Isn't Verified!
In order to create a playlist on Sporcle, you need to verify the email address you used during registration. Go to your
Sporcle Settings
to finish the process.
Report this User
Report this user for behavior that violates our
Community Guidelines
.
Details:
Send Report
Go to the Sporcle.com Mobile Site →
Comments